Paroles "Moi qui rêvais d’avoir un frère" - Mufasa, Disney - Statistiques

Statistiques générales
  • Ce quiz a été pris 167 fois
  • Le résultat moyen est 297 sur 434
Statistiques - réponses
Personnage Paroles % Correct
frère
96%
un
96%
Taka Un
96%
a
94%
À
94%
à
94%
de
90%
je
89%
Je
89%
me
88%
Moi
88%
moi
88%
qui
88%
mon
87%
ce
86%
d'avoir
86%
Mufasa Se
86%
Et
84%
et
84%
tu
84%
Mufasa Tu
84%
le
82%
Chœur | Mufasa & Chœur | Taka Le
82%
Par
82%
par
82%
Taka Pas
82%
pas
82%
te
82%
Te
82%
m'a
81%
ma
81%
81%
pour
81%
Taka Pour
81%
Plus
80%
plus
80%
Taka Quand
78%
c'est
77%
Taka | Taka & Mufasa C'est
77%
il
77%
Il
77%
roi
77%
ton
77%
l'a
76%
76%
la
76%
serai
76%
toi
76%
Mufasa Toi
76%
que
75%
ne
73%
Mufasa | Taka & Mufasa Oui
73%
Taka & Chœur Si
72%
animal
71%
nous
71%
Mufasa Nous
71%
rêvais
71%
seras
70%
toujours
70%
défier
69%
dit
69%
les
69%
seul
69%
Chigaru Son
67%
son
67%
vrai
67%
maman
66%
paria
66%
dira
65%
interdit
65%
rêvait
65%
Avec
64%
avec
64%
n'ai
63%
prêt
63%
Taka Ha
61%
oiseaux
61%
papa
61%
diviser
60%
elle
60%
Elle
60%
on
60%
Taka & Mufasa On
60%
Taka | Taka & Mufasa Allez
59%
Taka & Mufasa Allez!
59%
allez
59%
rien
59%
voilà
59%
Comment
58%
Ils
58%
ils
58%
Taka Non
58%
parle
58%
va
58%
ça
57%
mère
57%
oublié
57%
y
57%
auras
55%
en
55%
parti
55%
père
55%
Taka Qu'est-ce
55%
savait
55%
dirait
54%
sont
54%
Mufasa Ah
53%
ah
53%
sauver
53%
appelé
52%
dire
52%
Chœur Eh
52%
l'ordonne
52%
Mufasa
52%
Oh
52%
Taka
52%
cet
51%
vous
51%
arbre
49%
hauts
49%
n'aime
49%
s'il
49%
affaire
48%
face
48%
hauteur
48%
leur
48%
peu
48%
trop
48%
as-tu
47%
fera
47%
Taka & Chœur
47%
liberté
47%
ont
47%
poil
47%
Près
47%
qu'est-ce-que
47%
Qu'est-ce-que
47%
temps
47%
abandonne
46%
cadeau
46%
désespère
46%
passe
46%
s'en
46%
touches
46%
aiment
45%
bas
45%
pourra
45%
s'échapper
45%
suis
45%
Taka & Mufasa Aïe
43%
aïe
43%
pique
43%
Mufasa T'as
43%
vie
43%
vu
43%
Taka Aucune
42%
beau
42%
courage
42%
souhait
42%
suffit
42%
tout
42%
fait
41%
respect
41%
vont
41%
proie
40%
veulent
40%
du
39%
été
39%
exaucé
39%
mot
39%
serons
39%
dernier
37%
Taka J'aurai
37%
mépris
37%
rapide
37%
t'apprendra
37%
Taka Auras-tu
36%
bien
36%
qu'on
36%
terre
36%
trouver
36%
bout
35%
Taka C'était
35%
dévorer
35%
Mufasa Faut
35%
gibier
35%
Mufasa & Chœur Lui
35%
suivre
35%
Taka & Chœur Chantez
34%
l'espère
34%
pleins
34%
Taka D'accord
33%
jusqu'au
33%
parie
30%
Ouille
29%
même
27%
Aucun quiz correspondant
Distribution des résultats
% des personnes avec chaque résultat
Percentile par nombre de réponses
Votre historique - résultats
Vous n’avez pas pris ce quiz